00404 2200157 4500001002100000008004100021035002000062245004100082100002100123260002600144300002000170020002200190084001400212082000800226990001200234INLIS000000000002813 IND  a0010-0925000160 aSerpihan Masa LalucUtami Panca Dewi aUtami Panca Dewi aJakartabNuansac2016 a-c(13 x 19 cm) a978-602-73112-7-5 a813 UTA c a813 a0755035